000 00529nam a22001817a 4500
005 20251108165221.0
008 250721s9999 xx 000 0 ara d
082 1 4 _a611/عمي
100 1 _aروفائيل، عميد
245 1 0 _aعلم التشريح السريري :
_bالطرف العلوي - الطرف السفلي /
264 1 _aدمشق :
300 _a289ص : مصور
650 1 7 _aالتشريح
700 1 _aالخطيب، اكثم
700 1 _aعشمه، بسام
942 _2ddc
_cBK
999 _c22397
_d22397